Casualty Series 26 Episodes Quiz Stats

 Plays Quiz not verified by Sporcle

Support Sporcle.
Go Orange.
Score 0/34 Timer 10:00
0 Plays Today
Episode Number Episode % Correct
15Next of Kin: Part 1
73.8%
16Next of Kin: Part 2
73.8%
9Mea Culpa
71.4%
17Duty of Care
66.7%
1Partners
54.8%
18Death and Doughnuts
52.4%
8Charlie's Angels
45.2%
33Appropriate Force
42.1%
14The Ties that Bind
40.5%
Red Button EpisodeUnder Fire
39.5%
4Memory Games
38.1%
10Sanctuary
38.1%
2Starting Out
35.7%
3Common Vector
35.7%
6Fixed
35.7%
7Wild Horses
33.3%
22Confidences
33.3%
Episode Number Episode % Correct
25Ricochet: How To Save A Life
32.5%
5To Have and Have Not
31%
11A Pound Of Flesh
31%
12Natural Selection
31%
13No Goodbyes
31%
19Trust
31%
30When The Gloves Come Off
30%
20Hero Syndrome
28.6%
23Love Is
28.6%
28Lest Ye Be Judged
27.5%
24Grand Canyon
26.2%
29Saturday Night Fever
25%
31Fools For Love
25%
26Ricochet: Damage Control
22.5%
27Ricochet: What Goes Around Comes Around
22.5%
21The Only One You Love
21.4%
32Desperate Remedies
21.1%

You're not logged in!

Compare scores with friends on all Sporcle quizzes.
OR
Log In

From the Vault

TV Within TV

by Qaqaq

How long until there's a TV show about people who watch a lot of TV?
Remove Ads.
Support Sporcle.
Get the best of Sporcle when you Go Orange. This ad-free experience offers more features, more stats, and more fun while also helping to support Sporcle. Thank you for becoming a member.

Show Comments

Extras

Created Feb 21, 2012ReportNominate
Tags:bbc, Casualty, Drama, Medical

Top Quizzes Today


Score Distribution

Your Account Isn't Verified!

In order to create a playlist on Sporcle, you need to verify the email address you used during registration. Go to your Sporcle Settings to finish the process.

Report this User

Report this user for behavior that violates our Community Guidelines.

Details: